000 00489nam a2200181Ia 4500
005 20250508162715.0
008 008 250505s9999 xx 000 0 hin d
037 _aTextual
040 _aFEDL
_beng
_cFEDL
041 _ahin
_2eng
084 _a621.435, NCE
_qFEDL
245 0 _aRaket ache parichye
245 0 _cNational Council of Educational Research and Training
260 _c1988
300 _a93p.
942 _cTEXL
_h621.435, NCE
999 _c1378191
_d1378191